000
00349nam a2200157Ia 4500
008
210210b1953 xxu||||| |||| 00| 0 eng d
041
_a
eng
082
_a
872/40
100
_a
KESHAVA MENON (K P)
245
_a
Jeevitha chindakal
260
_a
_b
-
_c
1953
650
_a
Jeevitha
650
_a
chindakal
690
_a
Malayalam
906
_a
002474
999
_c
124445
_d
124445